| 000 | 01150cam a22003377a 4500 | ||
|---|---|---|---|
| 001 | 17097108 | ||
| 003 | OSt | ||
| 005 | 20150408114205.0 | ||
| 008 | 100311s2009 enka 001 0 eng d | ||
| 010 | _a 2010291965 | ||
| 016 | 7 |
_a015558214 _2Uk |
|
| 020 | _a052113059X (pbk.) | ||
| 020 | _a9780521130592 (pbk.) | ||
| 035 | _a(OCoLC)ocn496958284 | ||
| 040 |
_aBTCTA _beng _cBTCTA _dOI@ _dCUD _dYDXCP _dBWK _dBWX _dSBM _dUKMGB _dUAT _dDLC |
||
| 042 | _alccopycat | ||
| 050 | 0 | 0 |
_aQA43 _b.B365 2009 |
| 082 | 0 | 4 |
_a510.76 _222 |
| 100 | 1 |
_aBeardon, Alan F. _914358 |
|
| 245 | 1 | 0 |
_aCreative mathematics : _ba gateway to research / _cAlan F. Beardon. |
| 260 |
_aCambridge ; _aNew York : _bCambridge University Press, _c2009. |
||
| 300 |
_ax, 110 p. : _bill. ; _c22 cm. |
||
| 490 | 1 | _aAIMS library series | |
| 500 | _aIncludes index. | ||
| 650 | 0 |
_aMathematics _vProblems, exercises, etc. _94595 |
|
| 650 | 0 |
_aMathematical recreations. _914359 |
|
| 710 | 2 |
_aAfrican Institute of Mathematical Sciences. _914360 |
|
| 830 | 0 |
_aAIMS library series. _914361 |
|
| 942 |
_2ddc _cBOOK |
||
| 999 |
_c33386 _d267886 |
||